| 000 | 00612nam a2200205 i 4500 | ||
|---|---|---|---|
| 001 | 84474 | ||
| 003 | ES-MaACL | ||
| 007 | t| | ||
| 008 | 041123s1944 ag ||||1| spa d | ||
| 100 | 1 |
_aJoad, C. E. M. _966672 |
|
| 245 | 1 | 0 |
_aGuía de la Filosofía / _cC.E.M. Joad ; [traducción por María Rosa Lida]. |
| 250 | _a[2ª ed.]. | ||
| 260 |
_aBuenos Aires : _bLosada, _c[1944] ( _fRodríguez Giles) |
||
| 300 |
_a525 p. ; _c22 cm. |
||
| 490 | 1 | _aPanoramas | |
| 700 | 1 |
_aLida de Malkiel, María Rosa. _972210 |
|
| 830 | 0 |
_aPanoramas _9181169 |
|
| 852 |
_aES-MaACL _jE-1789 _bR.22632 |
||
| 999 |
_c84474 _d84474 |
||